Goodnight little one (Record no. 1233)

MARC details
000 -LEADER
fixed length control field 00701nam a22002297a 4500
005 - DATE AND TIME OF LATEST TRANSACTION
control field 20230808165647.0
020 ## - INTERNATIONAL STANDARD BOOK NUMBER
International Standard Book Number 9781445465814
040 ## - CATALOGING SOURCE
Original cataloging agency FISKH
Language of cataloging eng
Transcribing agency FISKH
Modifying agency FISKH
050 ## - LIBRARY OF CONGRESS CALL NUMBER
Classification number PZ8.B815
082 ## - DEWEY DECIMAL CLASSIFICATION NUMBER
Classification number 080
100 ## - MAIN ENTRY--PERSONAL NAME
Personal name Brown, Margaret Wise
245 ## - TITLE STATEMENT
Title Goodnight little one
Statement of responsibility, etc. by Margaret Wise Brown author of goodnight moond illustrated by Rebecca Elliot
260 ## - PUBLICATION, DISTRIBUTION, ETC.
Place of publication, distribution, etc. Bath :
Name of publisher, distributor, etc. Parragon,
Date of publication, distribution, etc. 2012.
300 ## - PHYSICAL DESCRIPTION
Extent 26 unnumbered Pages :
Dimensions 30 cm.
505 ## - FORMATTED CONTENTS NOTE
Formatted contents note F
520 ## - SUMMARY, ETC.
Summary, etc. Join a variety of animals as they settle in for the night.
521 ## - TARGET AUDIENCE NOTE
Target audience note 400 <br/>
Source Lexile estimate
521 ## - TARGET AUDIENCE NOTE
Target audience note F <br/>
Source Raz-Plus
942 ## - ADDED ENTRY ELEMENTS (KOHA)
Source of classification or shelving scheme Dewey Decimal Classification
Koha item type Books
Suppress in OPAC No
999 ## -
-- 1233
-- 1233
Holdings
Withdrawn status Lost status Source of classification or shelving scheme Damaged status Not for loan Collection Home library Current library Shelving location Date acquired Total Checkouts Full call number Barcode Date last seen Date last checked out Price effective from Koha item type
    Dewey Decimal Classification     Juvenile Fiction Footprints International School Library Network Toul Kork Campus Footprints International School Library Network Toul Kork Campus TK Primary Library Room(4th Floor), Bookcase 7, Shelves 57-60, Dark Green Books 08/08/2023 5 BRO 813.52 PZ8.B815 2023-0215 09/04/2025 08/14/2025 08/08/2023 Books